Flags of the former Yugoslavia countries - Sudden death - Statistics

General Stats
  • This quiz has been taken 92 times
    9 since last reset
  • The average score is 5 of 7
Answers on the Grid
Answers color-coded by a green-red scale on the quiz's grid according to % correct below.
 
Answer Stats
Answer % Correct
100%
83%
83%
83%
67%
50%
50%
No matching quizzes found
Score Distribution
Percent of People with Each Score
Percentile by Number Answered
Your Score History
You have not taken this quiz since the last reset